000 00967nam a22003137a 4500
003 CHAP
005 20220329135748.0
008 971013s1984 r 00010 d
010 _a41649
011 _a42621
035 _a46750
040 _cCHAP
090 _aFolleto 9584
100 0 0 _aErf, J. A.
_937293
245 _aEffects of herbicides on newly planted 'brandywine"
260 _aWooster, Ohio :
_bOhio Agricultural Research and Development Center,
_c1984
300 _app 63-65
490 _aResearch circular
_v; 283
501 _aEnc. con otros impresos similares
590 _aBATCH-UPD
_b10
_c20130110
_lUCH01
_h0910
590 _aCONVERSION
_b10
_c20130109
_lUCH01
_h1323
650 1 4 _aFrambuesa
_xMalas hierbas
_xControl.
_942882
650 1 4 _aHerbicidas.
_953691
700 0 _aFunt, R. C.
_944055
830 0 _aResearch circular
_v; 283
_996063
901 _aBK
942 _cFOLL
949 _aFolleto 9584
_bBC
_cFOLL
_d-106514
_eTS1
_i46750
_mD
_si
999 _c41649
_d41649